LEADER 00739nam0-22002771i-450- 001 990001680390403321 005 20051010152311.0 035 $a000168039 035 $aFED01000168039 035 $a(Aleph)000168039FED01 035 $a000168039 100 $a20030910d1902----km-y0itay50------ba 101 0 $afre 200 1 $aTraite de chimie agricole$fP.P. Deherain 210 $aParis$cG. Masson$d1902 215 $a969 p.$d26 cm 610 0 $aChimica agraria 676 $a630.24 700 1$aDehérain,$bPierre-Paul$0336369 801 0$aIT$bUNINA$gRICA$2UNIMARC 901 $aBK 912 $a990001680390403321 952 $a60 631.41 B 7$b85$fFAGBC 959 $aFAGBC 996 $aTraite de chimie agricole$9371030 997 $aUNINA LEADER 01826nas 2200553-a 450 001 9910222245803321 005 20240413021902.0 035 $a(CKB)110975507367536 035 $a(CONSER)---55031622- 035 $a(EXLCZ)99110975507367536 100 $a20771013a19419999 --- a 101 0 $aeng 181 $ctxt$2rdacontent 182 $cc$2rdamedia 183 $acr$2rdacarrier 200 00$aBio-dynamics 210 $aPhoenixville, Pa. $cBio-Dynamic Farming and Gardening Association$dc1941- 215 $a1 online resource 300 $aTitle from cover. 300 $aIssues for have title: Biodynamics. 300 $aPublished: Chester, N.Y., <1951->; Kimberton, PA, <1986-> 311 08$aPrint version: Bio-dynamics. 0006-2863 (DLC) 55031622 (OCoLC)3338675 517 3 $aBiodynamics 531 $aBIODYNAMICS A PERIODICAL FURTHERING SOIL CONSERVATION AND INCREASED FERTILITY 531 $aBIODYNAMICS 606 $aAgriculture$vPeriodicals 606 $aOrganic farming$vPeriodicals 606 $aSoil science$vPeriodicals 606 $aFertilizers$vPeriodicals 606 $aAgriculture$2fast$3(OCoLC)fst00801355 606 $aFertilizers$2fast$3(OCoLC)fst00923266 606 $aOrganic farming$2fast$3(OCoLC)fst01047688 606 $aSoil science$2fast$3(OCoLC)fst01124601 608 $aPeriodicals.$2fast 615 0$aAgriculture 615 0$aOrganic farming 615 0$aSoil science 615 0$aFertilizers 615 7$aAgriculture. 615 7$aFertilizers. 615 7$aOrganic farming. 615 7$aSoil science. 676 $a630.5 712 02$aBio-dynamic Farming and Gardening Association. 906 $aJOURNAL 912 $a9910222245803321 920 $aexl_impl conversion 996 $aBio-dynamics$92231641 997 $aUNINA